000 00257nam a22001097a 4500
008 170123b xxu||||| |||| 00| 0 eng d
020 _a9780077308865
041 _aeng
080 _a618.2
245 _aMATERNAL-CHILD NURSING CARE
_cWARD, S.L
942 _2udc
_cBK
999 _c3359
_d3359